000 00254nam a2200133Ia 4500
100 _aDesphande/D.L
942 _cBK
654 _aTools
245 _aBasic Tools
260 _bLongman
_c2001
082 _a621.9
_bDES
546 _aENGLISH
999 _c33103
_d33103